| 000 | 01012nam a22003257a 4500 | ||
|---|---|---|---|
| 001 | BR2012001577 | ||
| 003 | BR-BrBNA | ||
| 005 | 20230928103908.0 | ||
| 007 | ta | ||
| 008 | 230509b bl.||||| |||| 00| 0 por d | ||
| 040 |
_aBR-BrBNA _bpor _cBiblioteca Nacional de Agricultura |
||
| 041 | _a(Por) | ||
| 072 |
_aQ03 _b9730 |
||
| 090 | _ 9730 BR2012001577 | ||
| 100 | 1 | _aNobre, F.S.D. | |
| 110 | 1 |
_aUniversidade Federal de lavras, MG (Brasil) _0Tese (Doutorado) |
|
| 245 | 1 | _aIdentificação de microrganismos patógenos, deteriorantes e bactérias láticas em linguiças suínas e avaliaçao do potencial efeito probiótico | |
| 260 | 3 |
_aLavras, MG (Brasil): _c2011. |
|
| 300 | _a137 p. | ||
| 500 | _aSummaries (Eng, Por); Several bibliography; 17 tables | ||
| 650 | _aLINGUIÇA | ||
| 650 | _aCARNE | ||
| 650 | _aPORCO | ||
| 650 | _aBACTÉRIA | ||
| 650 | _aMICRORGANISMO | ||
| 650 | _aPATÓGENO | ||
| 650 | _aMICROBIOLOGIA DE ALIMENTO | ||
| 909 |
_a202309 _bLucia _c55 _dLucia Elande |
||
| 942 | _cBK | ||
| 999 |
_c77131 _d77131 |
||